|
|
|
|
| LEADER |
01774nam a2200301 a 4500 |
| 001 |
00025011 |
| 008 |
120428r20102009nyua 001 0 eng |
| 020 |
|
|
|a 9780070085381
|
| 020 |
|
|
|a 0070085382
|
| 040 |
|
|
|a BD-DhAAL
|c BD-DhAAL
|
| 082 |
0 |
4 |
|a 515.9
|2 22
|
| 245 |
0 |
0 |
|a Schaum's outline of complex variables /
|c Murray R Spiegel ... [et al.].
|
| 250 |
|
|
|a 2nd ed.
|
| 260 |
|
|
|a New York :
|b Schaum ;
|a London :
|b Tata McGraw-Hill,
|c c2009 [reprinted 2010].
|
| 300 |
|
|
|a 1 v.(various pagings) :
|b ill. ;
|c 25 cm.
|
| 500 |
|
|
|a Includes indexes.
|
| 541 |
|
|
|e 00025011
|
| 650 |
|
0 |
|a Functions of complex variables
|
| 650 |
|
0 |
|a Functions of complex variables
|v Problems, exercises, etc
|
| 700 |
1 |
|
|a Spiegel, Murray R
|
| 852 |
1 |
|
|a Ayesha Abed Library
|c General shelf.
|
| 942 |
0 |
0 |
|0 6
|
| 999 |
|
|
|c 12093
|d 12093
|
| 952 |
|
|
|0 0
|1 0
|2 ddc
|4 0
|6 515_900000000000000_SCH
|7 0
|9 20066
|a BRACUL
|b BRACUL
|c GEN
|d 2012-04-25
|e TRIM EDUCATION
|g 560.00
|l 36
|m 363
|o 515.9 SCH
|p 3010025011
|r 2025-06-23
|s 2025-02-19
|t 1
|w 2012-04-25
|y BK
|
| 952 |
|
|
|0 0
|1 0
|2 ddc
|4 0
|6 515_900000000000000_SCH
|7 0
|9 20067
|a BRACUL
|b BRACUL
|c GEN
|d 2012-04-25
|e TRIM EDUCATION
|g 560.00
|l 47
|m 406
|o 515.9 SCH
|p 3010025012
|r 2026-02-22
|s 2025-06-26
|t 2
|w 2012-04-25
|y BK
|
| 952 |
|
|
|0 0
|1 0
|2 ddc
|4 0
|6 515_900000000000000_SCH
|7 0
|9 20068
|a BRACUL
|b BRACUL
|c GEN
|d 2012-04-25
|e TRIM EDUCATION
|g 560.00
|l 38
|m 373
|o 515.9 SCH
|p 3010025013
|r 2025-10-30
|s 2025-07-16
|t 3
|w 2012-04-25
|y BK
|
| 952 |
|
|
|0 0
|1 0
|2 ddc
|4 0
|6 515_900000000000000_SCH
|7 0
|9 20069
|a BRACUL
|b BRACUL
|c GEN
|d 2012-04-25
|e TRIM EDUCATION
|g 560.00
|l 38
|m 388
|o 515.9 SCH
|p 3010025014
|r 2025-06-29
|s 2025-06-22
|t 4
|w 2012-04-25
|y BK
|
| 952 |
|
|
|0 0
|1 0
|2 ddc
|4 0
|6 515_900000000000000_SCH
|7 0
|9 20070
|a BRACUL
|b BRACUL
|c GEN
|d 2012-04-25
|e TRIM EDUCATION
|g 560.00
|l 40
|m 402
|o 515.9 SCH
|p 3010025015
|r 2026-04-01
|s 2026-03-29
|t 5
|w 2012-04-25
|y BK
|